000 00627nam a2200217Ia 4500
005 20250108125112.0
008 008 250107s9999 xx 000 0 eng d
037 _aTB
040 _aCRL
_beng
_cCRL
041 _aeng
_2eng
084 _aO168:g R1
084 _qCRL
100 _aSekhsaria Narotam Au.
_9730402
245 0 _aAmbuja story: how a group of ordinary men greated an emtraordinary company
_cSekhsaria Narotam Au.
260 _aGurugram, India
_bHaper Collins
_c3319
300 _axxii,330p.
365 _aINR
_b800
650 _aECONOMICS
942 _cTB
_hO168:g R1
999 _c1235707
_d1235707